Βυζαντινά στασιαστικά και αυτονομιστκά κινήματα στα Δωδεκάνησα και στη Μικρά Ασία 1189-c.1240 μ.Χ.

Αποθηκεύτηκε σε:
Λεπτομέρειες βιβλιογραφικής εγγραφής
Κύριος συγγραφέας: Σαββίδης, Αλέξης Γ. Κ. 1955-
Μορφή: Βιβλίο
Γλώσσα:Greek
Δημοσίευση: Αθήνα : Δομός, 1987
Θέματα:
Ετικέτες: Προσθήκη ετικέτας
Δεν υπάρχουν, Καταχωρήστε ετικέτα πρώτοι!

MARC

LEADER 00000nam a2200000 i 4500
001 1/14473
008 980512s1987 gre d
035 |l 10019433 
040 |a GR-MY-UA  |b gre  |e aacr 
041 0 |a gre 
082 0 |a 938.398 
100 1 |a Σαββίδης, Αλέξης Γ. Κ.  |d 1955- 
245 1 0 |a Βυζαντινά στασιαστικά και αυτονομιστκά κινήματα στα Δωδεκάνησα και στη Μικρά Ασία 1189-c.1240 μ.Χ. /  |c Αλέξης Γ. Κ. Σαββίδης 
260 |a Αθήνα :   |b Δομός,   |c 1987 
300 |a 380 σ. 
500 |a Συμβολή στη μελέτη της υστεροβυζαντινής προσωπογραφίας και τοπογραφίας την εποχή των Αγγέλων, των Λασκαριδών της Νίκαιας και των Μεγαλοκομνηνών του Πόντου 
651 0 |a Byzantine Empire  |x Politics and government. 
651 0 |a Byzantine Empire  |x History. 
852 |a INST  |b LESVOS  |e 19980512  |h 938.398 ΣΑΒ  |p 005100014130  |q 005100014130  |t BK  |y 0 
901 |a BIBL-1998-2 
909 |a Λ  |b 055751 
922 |a 1ΕΛΗ  |b 199804  |c ΚΠΣ/ΤΚΑ  |d EMVASIS 
950 |a 117-1998-01-28